| 000 | 00000nam 2200000zi 4500 |
| 001 | 9.937039 |
| 003 | CaOODSP |
| 005 | 20240418130414 |
| 006 | m o d f |
| 007 | cr |n||||||||| |
| 008 | 240418e20231214onc ob f|0| 0 eng d |
| 040 | |aCaOODSP|beng|erda|cCaOODSP |
| 043 | |an-cn--- |
| 086 | 1 |aRv55-8/10-15-11-2023E-PDF |
| 245 | 00|aSports goods of tariff item 9984.00.00. |
| 264 | 1|aOttawa : |b[Canada Border Services Agency], |cDecember 14, 2023. |
| 300 | |a1 online resource (4 unnumbered pages). |
| 336 | |atext|btxt|2rdacontent |
| 337 | |acomputer|bc|2rdamedia |
| 338 | |aonline resource|bcr|2rdacarrier |
| 490 | 1 |aMemorandum, |x2369-2391 ; |vD10-15-11 |
| 500 | |aIssued also in French under title: Marchandises de sport du numéro tarifaire 9984.00.00. |
| 500 | |a"Superseded memoranda D, D10-15-11 dated June 23, 2017." |
| 504 | |aIncludes bibliographical references (pages [3-4]). |
| 650 | 0|aSporting goods|zCanada. |
| 650 | 0|aTariff|zCanada. |
| 710 | 2 |aCanada Border Services Agency, |eissuing body. |
| 775 | 08|tMarchandises de sport du numéro tarifaire 9984.00.00.|w(CaOODSP)9.937040 |
| 830 | #0|aMemorandum (Canada Border Services Agency)|vD10-15-11.|w(CaOODSP)9.816825 |
| 856 | 40|qPDF|s186 KB|uhttps://publications.gc.ca/collections/collection_2024/asfc-cbsa/Rv55-8-10-15-11-2023-eng.pdf |
| 856 | 4 |qHTML|sN/A|uhttps://www.cbsa-asfc.gc.ca/publications/dm-md/d10/d10-15-11-eng.html |